| 000 | 00337nam a22001217a 4500 | ||
|---|---|---|---|
| 999 |
_c534527 _d534527 |
||
| 022 | _a2519-9404 E- 2521-0130 | ||
| 082 | _aVol- | ||
| 245 |
_aLGU journal of life sciences. _cLGU Society of Life Sciences. |
||
| 260 |
_aLahore: _bLahore Garrison University, |
||
| 300 | _c24cm. | ||
| 650 |
_aLife Sciences - Journals. _928718 |
||
| 942 | _cCR | ||